000 00420nam a2200157Ia 4500
003 LK-CoDNM
008 010623t xxu||||| |||| 00| 1 sin d
040 _aLK-CoDNM
_dLK-CoDNM
_eLK-CoDNM
041 _asin
080 _a954(075)DHA
100 _aDharmasena,K.P.
245 _aඉන්දියාව හා පකිස්ථානය
246 _aIndiyawa ha Pakistanaya
300 _b282p,maps, 21 cm
942 _cBK
999 _c137523
_d137523